000 00913nam a2200253Ia 4500
003 OSt
005 20220923211435.0
006 a|||||r|||| 00| 0
007 ta
008 220922b |||||||| |||| 00| 0 hin d
020 _a9789350002308 (hbk)
_c200
024 _a265,827
037 _b373, 17/02/2011, Vani Prakashan
_cTextual
040 _aARTS
_cARTS
_bhin
041 _2hin
_ahin
082 _aO157,3N26,GH, 152Q0
100 _aमहाश्वेता देवी; गुप्ता, सुशील, अनु.
245 0 _aगोह
246 _aGoha
260 _aनयी दिल्ली
_b वाणी प्रकाशन
_c2010
300 _a108पृ.
_ccm.
942 _hO157,3N26,GH, 152Q0
_cTEXL
_2CC
999 _c299564
_d299564